| 000 | 00465nam a22001697a 4500 | ||
|---|---|---|---|
| 005 | 20170118113420.0 | ||
| 008 | 170118b xxu||||| |||| 00| 0 eng d | ||
| 020 | _a159420103X | ||
| 040 | _cPK-LaUMT | ||
| 082 |
_a956.70443 _bRIC-F |
||
| 100 | _aRicks, Thomas E. | ||
| 245 |
_aFiasco : _bthe American military adventure in Iraq _cThomas E. Ericks |
||
| 260 |
_aNew York : _bThe Penguin Press, _c2006 |
||
| 300 | _a482 p. | ||
| 650 | _aIraq war 2003- | ||
| 942 | _cBK | ||
| 999 |
_c90219 _d90219 |
||